书目信息 |
| 题名: |
中国休闲体育发展报告
|
|
| 作者: | 李相如 , 钟秉枢 主编 | |
| 分册: | ||
| 出版信息: | 北京 社会科学文献出版社 2016.10 |
|
| 页数: | 282页 | |
| 开本: | 24cm | |
| 丛书名: | 皮书系列 | |
| 单 册: | ||
| 中图分类: | G812.4 | |
| 科图分类: | ||
| 主题词: | 群众体育--研究报告--中国--2015-2016 | |
| 电子资源: | ||
| ISBN: | 978-7-5097-9701-3 | |
| 000 | 01592oam2 2200313 450 | |
| 001 | 0120162043206 | |
| 005 | 20180906144615.18 | |
| 010 | @a978-7-5097-9701-3@dCNY79.00 | |
| 100 | @a20161102d2016 em y0chiy50 ea | |
| 101 | 0 | @achi |
| 102 | @aCN@b110000 | |
| 105 | @aak z 000yy | |
| 106 | @ar | |
| 200 | 1 | @a中国休闲体育发展报告@9zhong guo xiu xian ti yu fa zhan bao gao@e2015-2016@dAnnual report on development of leisure sports in China@e2015-2016@e2016版@f李相如,钟秉枢主编@zeng |
| 210 | @a北京@c社会科学文献出版社@d2016.10 | |
| 215 | @a282页@c图@d24cm | |
| 225 | 2 | @a皮书系列 |
| 300 | @a皮书系列为“十二五”“十三五”国家重点图书出版规划项目 | |
| 330 | @a本书分为“总报告”“专题篇”“区域篇”“典型案例与分析”4个部分。“总论”部分主要阐述我国休闲体育的概况、起源、概念、特点和分类、有关休闲体育的政策支撑、休闲体育教育与学科建设以及我国城乡居民休闲活动时间现状;“专题篇”分别对山地、滨海、冰雪、草原和水上休闲体育状况进行研究;“区域篇”分别对北京、河北、内蒙古等地的休闲体育状况进行研究,涉及各地域的自然情况、民族风俗、效果评价等方面;“典型案例与分析”部分主要包括响沙湾沙漠休闲旅游区和武汉江城e家2个典型案例。 | |
| 333 | @a体育研究者 | |
| 461 | 0 | @12001 @a皮书系列 |
| 510 | 1 | @aAnnual report on development of leisure sports in China@e2015-2016@zeng |
| 516 | 1 | @a2016休闲体育蓝皮书@92016xiu xian ti yu lan pi shu |
| 606 | 0 | @a群众体育@x研究报告@y中国@z2015-2016 |
| 690 | @aG812.4@v5 | |
| 701 | 0 | @a李相如@9li xiang ru@4主编 |
| 701 | 0 | @a钟秉枢@9zhong bing shu@4主编 |
| 801 | 0 | @aCN@b人天书店@c20161102 |
| 905 | @b1088294-98@dG812.4@e105(2015-2016)@f5 | |
| 中国休闲体育发展报告:2015-2016=Annual report on development of leisure sports in China:2015-2016:2016版/李相如,钟秉枢主编.-北京:社会科学文献出版社,2016.10 |
| 282页:图;24cm.-(皮书系列) |
| 皮书系列为“十二五”“十三五”国家重点图书出版规划项目.-使用对象:体育研究者 |
| ISBN 978-7-5097-9701-3:CNY79.00 |
| 本书分为“总报告”“专题篇”“区域篇”“典型案例与分析”4个部分。“总论”部分主要阐述我国休闲体育的概况、起源、概念、特点和分类、有关休闲体育的政策支撑、休闲体育教育与学科建设以及我国城乡居民休闲活动时间现状;“专题篇”分别对山地、滨海、冰雪、草原和水上休闲体育状况进行研究;“区域篇”分别对北京、河北、内蒙古等地的休闲体育状况进行研究,涉及各地域的自然情况、民族风俗、效果评价等方面;“典型案例与分析”部分主要包括响沙湾沙漠休闲旅游区和武汉江城e家2个典型案例。 |
| ● |
| 相关链接 |
|
|
|
|
正题名:中国休闲体育发展报告
索取号:G812.4/105(2015-2016)
 
预约/预借
| 序号 | 登录号 | 条形码 | 馆藏地/架位号 | 状态 | 备注 |
| 1 | 1088294 | 210882945 | 第一样本阅览室/ [索取号:G812.4/105(2015-2016)] | 在馆 | |
| 2 | 1088295 | 210882954 | 教育系资料室/ [索取号:G812.4/105(2015-2016)] | 在馆 | |
| 3 | 1088296 | 210882963 | 教育系资料室/ [索取号:G812.4/105(2015-2016)] | 在馆 | |
| 4 | 1088297 | 210882972 | 密集书库-体育系/ [索取号:G812.4/105(2015-2016)] | 在馆 | |
| 5 | 1088298 | 210882981 | 第四借阅区/ [索取号:G812.4/105(2015-2016)] | 在馆 |